Siete cuervos y ocho cuentos (Registro nro. 17378)

Detalles MARC
000 -LDR (LÍDER)
Campo de control de longitud fija 01193nam a2200313 a 4500
003 - IDENTIFICADOR DEL NÚMERO DE CONTROL
Campo de control CO-PeBPR
005 - FECHA Y HORA DE LA ÚLTIMA TRANSACCIÓN
Campo de control 20260413133723.0
008 - ELEMENTOS DE DATOS DE LONGITUD FIJA--INFORMACIÓN GENERAL
Campo de control de longitud fija 231210s2023 ck a|||ar|||| 00||| spa d
020 ## - Código Internacional normalizado para libros
Código Internacional normalizado para libros 9786289549768
040 0# - FUENTE DE CATALOGACIÓN
Agencia catalogadora original CO-PeBPR
Idioma de la agencia catalogadora spa
Norma para la descripción rda
Agencia que transcribe CO-PeBPR
041 0# - Código del Idioma
Código idioma del recurso original spa
082 04 - NÚMERO DE CLASIFICACIÓN DECIMAL DEWEY
Número de clasificación (i) Co863 B932s
100 1# - ASIENTO PRINCIPAL--NOMBRE PERSONAL
Nombre personal Buitrago, Jairo
Fechas asociadas al nombre 1970-
Términos de relación autor
9 (RLIN) 279117
245 10 - MENCIÓN DE TÍTULO
Título propiamente dicho Siete cuervos y ocho cuentos
Mención de responsabilidad / Jairo Buitrago ; ilustraciones de Juan Camilo Mayorga
250 ## - MENCIÓN DE EDICIÓN
Mención de edición Edición especial
264 ## - Área de la Producción Publicación, Distribución, Manufactura, etc.
Lugar de publicación, distribución, etc. Bogotá, Colombia
Nombre de la editorial, distribuidor, etc. : Cataplum Libros
Fecha de publicación, distribución, etc. , 2023
300 ## - DESCRIPCIÓN FÍSICA
Extensión 55 páginas
Otros detalles físicos : ilustraciones a color
Dimensiones ; 23 centímetros
336 ## - Tipo de Contenido
Tipo de contenido texto
Código de tipo de contenido txt
337 ## - Tipo de Medio
Tipo de Medio sin mediación
Código de tipo de medio n
Fuente rdamedia
338 ## - Tipo de Soporte
Tipo de soporte volumen
Código de tipo de soporte nc
Fuente rdacarrier
521 ## - NOTA DE AUDIENCIA
Nota de audiencia Recomendado para un público infantil a partir de los 6 años
650 14 - ASIENTO SECUNDARIO DE MATERIA - TÉRMINO TEMÁTICO
Fuente del encabezado o término LEMB
Encabezamiento temático Cuentos infantiles colombianos
Subdivisión cronológica Siglo XXI
9 (RLIN) 279118
650 14 - ASIENTO SECUNDARIO DE MATERIA - TÉRMINO TEMÁTICO
Fuente del encabezado o término LEMB
Encabezamiento temático Literatura infantil colombiana
Subdivisión cronológica Siglo XXI
9 (RLIN) 279119
650 14 - ASIENTO SECUNDARIO DE MATERIA - TÉRMINO TEMÁTICO
Fuente del encabezado o término LEMB
Encabezamiento temático Niños en la literatura
9 (RLIN) 504
650 14 - ASIENTO SECUNDARIO DE MATERIA - TÉRMINO TEMÁTICO
Fuente del encabezado o término LEMB
Encabezamiento temático Imaginación en la literatura
9 (RLIN) 505
650 14 - ASIENTO SECUNDARIO DE MATERIA - TÉRMINO TEMÁTICO
Fuente del encabezado o término LEMB
Encabezamiento temático Libros ilustrados para niños
9 (RLIN) 16
700 1# - ASIENTO SECUNDARIO - NOMBRE PERSONAL
Nombre personal Mayorga, Juan Camilo
Término de relación, rol en la obra ilustrador
9 (RLIN) 279120
942 ## - ENTRADA DE ELEMENTOS AGREGADOS (KOHA
Fuente de clasificación o esquema de estantería. Dewey Decimal Classification
Tipo de ítem Literatura Infantil
Existencias
Estado de pérdida Fuente del sistema de clasificación o colocación Estado de daño No disponible para préstamo Colección Biblioteca de origen Biblioteca actual Ubicación en estantería Signatura topográfica completa Ejemplar Código de barras Tipo de ítem Fecha de adquisición Fuente de adquisición Total de pagos Fecha de la última vez visto
  Dewey Decimal Classification     Infantil Biblioteca Pública Departamental Comfamiliar Risaralda Biblioteca Pública Departamental Comfamiliar Risaralda Área Infantil (i) Co863 B932s Ej.1 RIBPD14797 Literatura Infantil 13/04/2026 Dotación MinCultura y BNC   13/04/2026
  Dewey Decimal Classification     Infantil Biblioteca Pública Municipal Isaías Naranjo Ríos Biblioteca Pública Municipal Isaías Naranjo Ríos Área Infantil C BUI2 Ej.1 API01 - 3419 Literatura Infantil 04/02/2023 Dotación MinCultura y BNC   06/02/2025
  Dewey Decimal Classification     Infantil Biblioteca Pública Municipal Juan XXIII Biblioteca Pública Municipal Juan XXIII Área Infantil C BUI2 Ej. 1 BAL02-4467 Literatura Infantil 19/02/2025 Dotación MinCultura y BNC   19/02/2025